000 01206cam a2200217 4500
001 ABS68138
008 040831n2004 000 0 eng u
035 _a(Sirsi) u127218
100 _aBlackman, D.
245 _aValley rescue
260 _c2004
490 _aInside Housing
_v21(30) 30 July 2004, 36-37(2)
520 _aDiscovers whether rising house prices can revive low demand areas without the need for intervention. Focuses on the Valleys housing market in south Wales and Ebbw Vale after the demolition of its giant steelworks. At the moment rising prices seem to have rescued these former areas of low demand. As the Cardiff area and south Wales coastal strip have become increasingly unaffordable, home hunters have ventured further up into the Valleys. Efforts to tackle low demand have consisted hitherto mainly of selective demolition programmes and the prospects of the Welsh Assembly establishing a dedicated market renewal fund remain dim. Concludes that it is too early to confirm that rising prices can work alone.
590 _aABS
590 _aABS
650 _aLOW DEMAND
650 _aHOUSE PRICES
650 _aINTERVENTION
690 _aHOUSING-MARKET
942 _n0
999 _c117922
_d117922